Fr. Conceicao Rodrigues College of Engineering

Intrd. To Atomic Physics (Record no. 29672)

MARC details
000 -LEADER
fixed length control field 00283nam a2200133Ia 4500
082 ## - DEWEY DECIMAL CLASSIFICATION NUMBER
Classification number 539.7
Item number SEM
100 ## - MAIN ENTRY--PERSONAL NAME
Personal name Semat/Henry
245 ## - TITLE STATEMENT
Title Intrd. To Atomic Physics
260 ## - PUBLICATION, DISTRIBUTION, ETC.
Name of publisher, distributor, etc. Rinchart & co
Place of publication, distribution, etc. Newyork
Date of publication, distribution, etc. 1952
300 ## - PHYSICAL DESCRIPTION
Extent 412
546 ## - LANGUAGE NOTE
Language note ENGLISH
654 ## - SUBJECT ADDED ENTRY--FACETED TOPICAL TERMS
Focus term Atomic
942 ## - ADDED ENTRY ELEMENTS (KOHA)
Koha item type BOOK
Holdings
Withdrawn status Lost status Damaged status Not for loan Collection Home library Current library Date acquired Total Checkouts Full call number Barcode Date last seen Price effective from Koha item type
        AFT Fr. Agnel's C.Rodrigues College of Engineering Fr. Agnel's C.Rodrigues College of Engineering 17/03/2023   539.7 SEM AFT1556 17/03/2023 17/03/2023 BOOK